000 01207cam a2200289 a 4500
999 _c5035
_d5035
003 OSt
005 20220403134801.0
008 050107s2005 nyua b 001 0 eng
020 _a9780521849111 ( hardback : alk. paper)
020 _a052184911X (hardback : alk. paper)
020 _a9780521613835 (pbk.)
020 _a0521613833 (pbk.)
040 _cDLC
050 0 0 _aP53.85
_b.R534 2005
100 1 _aRichards, Jack C.,
_d1943-
245 1 0 _aProfessional development for language teachers :
_bstrategies for teacher learning /
_cJack C. Richards, Thomas S.C. Farrell.
260 _aNew York :
_bCambridge University Press,
_c2005.
300 _ax, 202 p. :
_bill. ;
_c24 cm.
440 0 _aCambridge language education
504 _aIncludes bibliographical references and index.
650 0 _aLanguage teachers
_xTraining of.
700 1 _aFarrell, Thomas S. C.
_q(Thomas Sylvester Charles)
856 4 2 _uhttp://172.30.46.200/cgi-bin/koha/opac-retrieve-file.pl?id=ce551f55cc2b45697e181e041fe37718
906 _a7
_bcbc
_corignew
_d1
_eocip
_f20
_gy-gencatlg
942 _2lcc
_cEB
_nMW